000 00466nmm a2200169Ia 4500
008 251105s9999||||xx |||||||||||||||||und||
020 _a9788498958591
041 _aspa
100 _aBagué Quílez , Luis
245 0 _aPaseo de la identidad
264 _a[Madrid, España] :
_bVisor Libros,
_c2014
300 _a57 páginas
490 _aVisor de Poesía
650 _aSpanish poetry
856 _uhttps://public.digitaliapublishing.com/a/41537
942 _cCF
999 _c92318
_d92318